000 02213nam a2200481Ia 4500
001 dia_2434
003 CHAP
005 20241204133853.0
007 ta
008 220117s2002 mx abdefr 001 0 spa d
040 _cCHAP
_amxchpua
090 _aT.C.331
_bR49 ETIPA
_c2002
245 1 0 _aReporte del estudio técnico ingenieril en el Centro de Acopio y Distribución (CAD) de productos perecederos de la organización Soriana, Monterrey, Nuevo León /
_ccoordinador Miguel Reyes Vigil ; colaboradores Maria Guadalupe Alonso Carrillo...[et al.]
260 _aMéxico :
_bEl autor,
_c2002
300 _a40 hojas :
_bilustraciones, mapas, gráficas, diagramas, tablas, fotos, plano
336 _2rdacontent
_atexto
_btxt
337 _2rdamedia
_asin medio
_bn
338 _2rdacarrier
_avolumen
_bnc
500 _aGrado 7°
502 _aViaje de Estudios
_b(ETIPA) --
_cUACh. Departamento de Ingeniería Agroindustrial,
_d2002
504 _aBibliografía: hoja 39
505 _a7 planos 1. Distribución de áreas del CAD de Soriana en Monterrey (Esc. 1:500) -- 2. Diagrama de tuberías e instrumentación -- 3. Plano isométrico -- 4. Plano de alumbrado, cámaras, andén, refrigeración y congelados (Esc. 1:200) -- 5. Plano de distribución general perecederos de CAD de Soriana en Monterrey (Esc. 1:250) -- 6. Instalación sanitaria de congelados (Esc. 1:125) -- 7. Plano de distribución sanitaria e hidraúlico perecederos (Esc. 1:125)
650 1 3 _aCarne
_919053
650 1 3 _aFrutas
_9150601
650 1 3 _aHortalizas
_9150602
650 1 3 _aMariscos
_971424
650 1 3 _aPescados
_9152835
650 1 3 _aProductos lácteos
_992124
650 1 3 _aSupermercados
_9110749
650 1 3 _aDairy products
_9147672
650 1 3 _aFruits
_9150789
650 1 3 _aSupermarkets
_9152836
650 1 3 _aVegetables
_9151808
650 1 3 _aMeat
_9150746
700 1 _aReyes Vigil, Miguel
_ecoordinador
_9156679
700 1 _aAlonso Carrillo, María Guadalupe
_ecolaboradora
_94566
901 _aT.C.331 R49 ETIPA 2002
902 _aM
905 _a5232272002 mx enmd8223123322spa16
942 _2local
942 _cVE
999 _c172957
_d172957